000 nam a22 7a 4500
999 _c10218
_d10218
008 180213b ||||| |||| 00| 0 eng d
100 _aGrewal,T.S.etal.
_93166
245 _aDouble Entry Book Keeping-XII
260 _aNew Delhi
_bSultan Chand
_c2012